000 00641nam a2200217Ia 4500
005 20260429111942.0
008 260429s9999||||xx |||||||||||||| ||und||
020 _a9789355320940
041 _aEnglish
082 _a004.6
_bFOR
100 _aForouzan, Behrouz A.
245 0 _aData communications and networking with TCP/IP protocol suite /
_cBehrouz A. Forouzan
250 _a6th ed.
260 _aIndia :
_bMcGraw Hill,
_c2022.
300 _axxi, 833 p.; pbk
440 _aMcgraw hill's Forouzan networking series
650 _a Computer networks
650 _a Data communications
650 _aComputer science
942 _cTB
999 _c51587
_d51587